000
00310nam a2200121Ia 4500
005
20251222154342.0
008
251222s9999||||xx |||||||||||||| ||spa||
020
_a
84-8301-490-4
082
_a
158.72/M84
100
_a
"Mondelo, Pedro R.y otros"
245
0
_a
Ergonoméa 4: El trabajo en oficinas
942
_c
LIB
999
_c
34566
_d
34566